Principles of stellar evolution and nucleosynthesis (Record no. 14882)

MARC details
000 -LEADER
fixed length control field 00556nam a2200193Ia 4500
003 - CONTROL NUMBER IDENTIFIER
control field IN-BaIIA
008 - FIXED-LENGTH DATA ELEMENTS--GENERAL INFORMATION
fixed length control field 211028s9999 xx 000 0 eng d
020 ## - INTERNATIONAL STANDARD BOOK NUMBER
International Standard Book Number 0-226-10953-4
040 ## - CATALOGING SOURCE
Transcribing agency IIA Library
080 ## - UNIVERSAL DECIMAL CLASSIFICATION NUMBER
Universal Decimal Classification number 524.3-54
Item number CLA
100 ## - MAIN ENTRY--PERSONAL NAME
Personal name Clayton, D. D
9 (RLIN) 12472
245 #0 - TITLE STATEMENT
Title Principles of stellar evolution and nucleosynthesis
Statement of responsibility, etc. D. D. Clayton
260 ## - PUBLICATION, DISTRIBUTION, ETC.
Place of publication, distribution, etc. Chicago
Name of publisher, distributor, etc. University of Chicago Press
Date of publication, distribution, etc. 1983
300 ## - PHYSICAL DESCRIPTION
Extent xxii, 612p.
650 ## - SUBJECT ADDED ENTRY--TOPICAL TERM
Topical term or geographic name entry element Nuleosynthesis
9 (RLIN) 26238
650 ## - SUBJECT ADDED ENTRY--TOPICAL TERM
Topical term or geographic name entry element Stars - evolution
9 (RLIN) 10853
650 ## - SUBJECT ADDED ENTRY--TOPICAL TERM
Topical term or geographic name entry element Stellar structure
942 ## - ADDED ENTRY ELEMENTS (KOHA)
Koha item type Books
Holdings
Withdrawn status Lost status Damaged status Not for loan Home library Current library Shelving location Date acquired Source of acquisition Cost, normal purchase price Total Checkouts Full call number Barcode Date last seen Date last checked out Cost, replacement price Price effective from Koha item type Purchase Price
        IIA Library-Bangalore IIA Library-Bangalore General Stacks 31/12/2002 EDS 1393.45 1 524.3-54/ CLA 15804 23/09/2022 08/12/2021 1393.45 31/12/2002 Books Rs. 1393.45

Powered by Koha